Pictures by the Letter - A - Statistics

General Stats
  • This quiz has been taken 130 times
  • The average score is 13 of 14
Answer Stats
Picture Answer % Correct
Apple
98%
Ambulance
96%
Avocado
96%
Alligator
95%
Arm
95%
Astronaut
95%
Airplane
94%
Ant
93%
Arrow
93%
Axe
93%
Anchor
90%
Alpaca
86%
Apron
86%
Acorn
82%
No matching quizzes found
Score Distribution
Percent of People with Each Score
Percentile by Number Answered
Your Score History
You have not taken this quiz